Ekonomia matematyczna nr. 3

Guardado en:
Detalles Bibliográficos
Formato: Libro
Lenguaje:polaco
Publicado: Wroclaw Wydawnictwo Akademii Ekonomicznej im. Oskara Langego we Wroclawiu 1999
Materias:
Etiquetas: Agregar Etiqueta
Sin Etiquetas, Sea el primero en etiquetar este registro!

MARC

LEADER 00000nam a2200000 4500
001 c122866
005 20240223082541.6
022 |a 1505-0211 
041 0 |a pol 
044 |a PL 
245 1 0 |a Ekonomia matematyczna nr. 3  |c [redaktor naukowy: Antoni Smoluk] 
264 1 |a Wroclaw  |b Wydawnictwo Akademii Ekonomicznej im. Oskara Langego we Wroclawiu  |c 1999 
300 |a 122 s. 
610 2 0 |a ekonómia matematická 
610 2 0 |a biológia 
610 2 0 |a trh finančný 
610 2 0 |a rovnováha trhová 
610 2 0 |a riziko 
610 2 0 |a inflácia 
610 2 0 |a kvalita 
610 2 0 |a normalizácia